Language of climate politics: (Record no. 1435634)

MARC details
000 -LEADER
fixed length control field 00865 a2200241 4500
005 - DATE AND TIME OF LATEST TRANSACTION
control field 20251231111854.0
008 - FIXED-LENGTH DATA ELEMENTS--GENERAL INFORMATION
fixed length control field 251204b |||||||| |||| 00| 0 eng d
020 ## - INTERNATIONAL STANDARD BOOK NUMBER
International Standard Book Number 9780197642238 (hbk)
037 ## - SOURCE OF ACQUISITION
Terms of availability TB
040 ## - CATALOGING SOURCE
Original cataloging agency CRL
Transcribing agency CRL
041 ## - LANGUAGE CODE
Source of code eng
Language code of text/sound track or separate title eng
084 ## - COLON CLASSIFICATION NUMBER
Classification number G:55 R4
Assigning agency CRL
100 ## - MAIN ENTRY--PERSONAL NAME
Personal name Guenther, Genevieve
9 (RLIN) 821685
245 ## - TITLE STATEMENT
Title Language of climate politics:
Remainder of title fossil-fuel propaganda and how to fight it
260 ## - PUBLICATION, DISTRIBUTION, ETC.
Place of publication, distribution, etc. New York, USA:
Name of publisher, distributor, etc. Oxford University Press,
Date of publication, distribution, etc. 2024.
300 ## - PHYSICAL DESCRIPTION
Extent xi, 261p.
365 ## - TRADE PRICE
Price amount 29.99
Currency code USD
650 ## - SUBJECT ADDED ENTRY--TOPICAL TERM
Topical term or geographic name entry element Communication in Climataloge
9 (RLIN) 854561
650 ## - SUBJECT ADDED ENTRY--TOPICAL TERM
Topical term or geographic name entry element Climate changes - Political Aspects
9 (RLIN) 854562
650 ## - SUBJECT ADDED ENTRY--TOPICAL TERM
Topical term or geographic name entry element Fossil Fuels - Environment
9 (RLIN) 854563
942 ## - ADDED ENTRY ELEMENTS (KOHA)
Koha item type Textbook
Source of classification or shelving scheme Colon Classification (CC)
Suppress in OPAC No
Classification part G:55 R4
Holdings
Withdrawn status Lost status Source of classification or shelving scheme Damaged status Not for loan Home library Current library Date acquired Source of acquisition Cost, normal purchase price Total Checkouts Full call number Barcode Date last seen Cost, replacement price Price effective from Koha item type
    Colon Classification (CC)     Central Library Central Library 2025-10-21 4 2128.81   G:55 R4 CL1924175 2025-10-21 2661.01 2025-10-21 Textbook
Copyright @ Delhi University Library System